• 首页
  • 本馆介绍
  • 公告通知
  • 最新文献
  • 馆藏检索
  • 电子资源
  • 读者导购
  • 参考咨询
  • 我的图书馆
  • 登录
  • 详细信息显示
  • 放入我的书架
  • 预约/预借图书
  • 作者相关作品
  • 分类相关作品
  • 丛书相关作品
  • 出版社相关作品

书目信息

  • 表格格式
  • 工作单格式
  • 卡片格式
题名:
魏碑三种
    
 
作者:
分册:  
出版信息: 上海   上海古籍书店  1978
页数: 44页
开本: 26cm
丛书名:
单 册:
中图分类: J292.23
科图分类:
主题词: 碑帖--中国--北魏--选集
电子资源:
ISBN:
000 00503nam0 2200205 45
001 0178000811
005 20060803090120.57
010    @dCNY0.55
100    @a19950908d1978 em y0chiy0121 ea
101 0  @achi
102    @aCN@b310000
105    @ay z 000yy
200 10 @a魏碑三种@Awei bei san zhong
210    @a上海@c上海古籍书店@d1978
215    @a44页@d26cm
606    @a碑帖@y中国@z北魏@x选集
610 0  @a魏碑
690    @aJ292.23@v3
801  0 @aCN@bTSSF@c20060803
905    @a10447@dJ292.23@e350
    
    魏碑三种.-上海:上海古籍书店,1978
    44页;26cm
    
    
    ISBN :CNY0.55
    
●
相关链接 在E读中查询图书 在五车中查询图书 在当当中查询图书 在豆瓣中查询图书


正题名:魏碑三种     索取号:J292.23/350         预约/预借

序号 登录号 条形码 馆藏地/架位号 状态 备注
1 0444371   204443717   密集书库/ [索取号:J292.23/350] 在馆    
唐山师范学院图书馆 欢迎您!
大连网信软件有限公司© 版权所有